Supporting language and communication (Record no. 129979)
[ view plain ]
| 000 -LEADER | |
|---|---|
| fixed length control field | 01282nam a2200313 a 4500 |
| 082 04 - DEWEY DECIMAL CLASSIFICATION NUMBER | |
| Classification number | 370.14 |
| 100 1# - MAIN ENTRY--AUTHOR NAME | |
| Personal name | Sage, Rosemary |
| 245 10 - TITLE STATEMENT | |
| Title | Supporting language and communication |
| 260 ## - PUBLICATION, DISTRIBUTION, ETC. (IMPRINT) | |
| Place of publication | London ; |
| -- | Thousand Oaks, Calif. : |
| Name of publisher | Paul Chapman, |
| Year of publication | 2006. |
| 300 ## - PHYSICAL DESCRIPTION | |
| Number of Pages | x, 120 p. |
| 490 1# - SERIES STATEMENT | |
| Series statement | Supporting learning professionally |
| 650 #0 - SUBJECT ADDED ENTRY--TOPICAL TERM | |
| Topical Term | Communication in education. |
| 856 40 - ELECTRONIC LOCATION AND ACCESS | |
| Uniform Resource Identifier | http://site.ebrary.com/lib/rucke/Doc?id=10218243 |
No items available.
